Your food budget /

Bibliographic Details
Main Author: Reasonover, Frances (Author)
Format: Government Document Book
Language:English
Published: College Station, [Texas] : Texas A&M University, Agricultural Extension Service, [1975]
Edition:3-75, Revised.
Series:L (Texas Agricultural Extension Service) ; 1082 [1975 revision].
Subjects:
Online Access:Available online via OAK Trust Repository

MARC

Tag First Indicator Second Indicator Subfields
LEADER 00000cam a2200000Ii 4500
001 in00004036680
005 20190122120045.0
008 180928s1975 txua s000 0 eng d
035 |a (OCoLC)on1054933718 
035 |a (OCoLC)1054933718 
040 |a TXA  |b eng  |e rda  |c TXA  |d UtOrBLW 
049 |a TXAM 
086 |a Z TA245.7 L47 no. L-1082 [1975 revision]  |2 txdocs 
090 |a S544.3.T4  |b T273 no. L-1082 [1975 revision] 
100 1 |a Reasonover, Frances,  |e author.  |0 http://id.loc.gov/authorities/names/n79137020 
245 1 0 |a Your food budget /  |c Frances L. Reasonover. 
250 |a 3-75, Revised. 
264 1 |a College Station, [Texas] :  |b Texas A&M University, Agricultural Extension Service,  |c [1975] 
300 |a 4 unnumbered pages :  |b illustrations. 
336 |a text  |b txt  |2 rdacontent 
337 |a unmediated  |b n  |2 rdamedia 
338 |a volume  |b nc  |2 rdacarrier 
490 1 |a L / [Texas Agricultural Extension Service] ;  |v 1082 
500 |a Title from caption. 
500 |a "Fact sheet"--At head of title. 
500 |a "30M--3-75, Revised"--Colophon. 
500 |a "F&N." 
500 |a The United States Department of Agriculture cooperating. 
650 0 |a Grocery shopping  |z United States. 
650 0 |a Low budget cooking.  |0 http://id.loc.gov/authorities/subjects/sh85078624 
650 0 |a Budgets, Personal.  |0 http://id.loc.gov/authorities/subjects/sh85017608 
650 3 |a food purchasing. 
650 3 |a family resource management. 
650 3 |a consumer expenditure. 
650 7 |a Budgets, Personal.  |2 fast  |0 (OCoLC)fst00840428 
650 7 |a Grocery shopping.  |2 fast  |0 (OCoLC)fst00948034 
650 7 |a Low budget cooking.  |2 fast  |0 (OCoLC)fst01754057 
651 7 |a United States.  |2 fast  |0 (OCoLC)fst01204155 
710 1 |a United States.  |b Department of Agriculture,  |e issuing body.  |0 http://id.loc.gov/authorities/names/n79008243 
710 2 |a Texas Agricultural Extension Service,  |e issuing body.  |0 http://id.loc.gov/authorities/names/n80010192 
830 0 |a L (Texas Agricultural Extension Service) ;  |v 1082 [1975 revision].  |0 http://id.loc.gov/authorities/names/no2017125359 
856 4 1 |z Available online via OAK Trust Repository  |u https://oaktrust.library.tamu.edu/handle/1969.1/166163  |t 0 
994 |a C0  |b TXA 
999 f f |s 4539bf6b-6493-375b-8181-5a4100fdf25e  |i 2e9e19e5-a123-3b71-995e-bea9bbdb0eec  |t 0 
952 f f |a Texas A&M University  |b College Station  |c Electronic Resources  |d Available Online  |t 0  |e Z TA245.7 L47 no. L-1082 [1975 revision]  |g Electronic  |h Superintendent of Documents classification 
998 f f |a Z TA245.7 L47 no. L-1082 [1975 revision]  |t 0  |l Available Online